| LEADER |
01553ngm0a2200289 450 |
| 001 |
16848055 |
| 100 |
|
|
|a 20220930d2022 u u0frey01 ba
|
| 101 |
0 |
|
|a ger
|
| 102 |
|
|
|a DE
|
| 200 |
0 |
|
|a I'm your man
|d Ich bin dein Mensch
|f Maria Schrader, réal.
|g Emma Braslavsky, adapt. - Tobias Wagner, comp. - Jan Schomburg, Maria Schrader, scénario - Maren Eggert, Dan Stevens, Sandra Huller, Jürgen Tarrach, Karolin Oesterling, Marlene-Sophie Haagen, ... [et al.] act.
|
| 207 |
|
1 |
|a
|
| 215 |
|
|
|a 1 DVD vidéo monoface zone 2 (1 h 48 min)
|c 2.00:1, 16/9, coul., (PAL), Son. (Dolby Digital 2.0; allemand); (Dolby Digital 5
|
| 300 |
|
|
|a Langues principales : allemand; Sous-titres : français
|
| 330 |
|
|
|a Alma, brillante scientifique, se révèle être une parfaite candidate pour se prêter à une expérience : pendant trois semaines, elle doit vivre avec Tom, un robot à l'apparence humaine parfaite, spécialement programmé pour correspondre à sa définition de l'homme idéal. Son existence ne doit servir qu'un seul but : rendre Alma heureuse.
|
| 700 |
|
0 |
|a Schrader
|b Maria
|4 370
|
| 702 |
|
0 |
|a Braslavsky
|b Emma
|4 100
|
| 702 |
|
0 |
|a Schomburg
|b Jan
|4 690
|
| 702 |
|
0 |
|a Wagner
|b Tobias
|4 230
|
| 702 |
|
0 |
|a Eggert
|b Maren
|4 5
|
| 702 |
|
0 |
|a Stevens
|b Dan
|4 5
|
| 702 |
|
0 |
|a Huller
|b Sandra
|4 5
|
| 702 |
|
0 |
|a Tarrach
|b Jürgen
|4 5
|
| 702 |
|
0 |
|a Oesterling
|b Karolin
|4 5
|
| 702 |
|
0 |
|a Haagen
|b Marlene-Sophie
|4 5
|
| 900 |
|
|
|a Film
|
| 901 |
|
|
|a Accessible au prêt
|
| 995 |
|
|
|a Bibliothèque
|c Bibliothèque
|f 00156011867686
|h 00156011867686
|k F SCH
|o p
|q a
|r gd
|e Bibliothèque
|